<?xml version="1.0" encoding="UTF-8"?>
<record
    xmlns:xsi="http://www.w3.org/2001/XMLSchema-instance"
    xsi:schemaLocation="http://www.loc.gov/MARC21/slim http://www.loc.gov/standards/marcxml/schema/MARC21slim.xsd"
    xmlns="http://www.loc.gov/MARC21/slim">

  <leader>00411nam a2200145Ia 4500</leader>
  <controlfield tag="008">230519s9999    xx            000 0 und d</controlfield>
  <datafield tag="020" ind1=" " ind2=" ">
    <subfield code="a">978-93-81390-10-8</subfield>
  </datafield>
  <datafield tag="041" ind1=" " ind2=" ">
    <subfield code="a">eng</subfield>
  </datafield>
  <datafield tag="082" ind1=" " ind2=" ">
    <subfield code="a">R/610.724/PAR/DB0400</subfield>
  </datafield>
  <datafield tag="100" ind1=" " ind2=" ">
    <subfield code="a">Pareek Bharat &amp; Sharma Shivani</subfield>
  </datafield>
  <datafield tag="245" ind1=" " ind2=" ">
    <subfield code="a">PV Textbook of Nursing Research and Statistics</subfield>
  </datafield>
  <datafield tag="260" ind1=" " ind2=" ">
    <subfield code="b">S Vikas and Co</subfield>
    <subfield code="a">Jalandhar</subfield>
    <subfield code="c">2014</subfield>
  </datafield>
  <datafield tag="300" ind1=" " ind2=" ">
    <subfield code="a">399p</subfield>
  </datafield>
  <datafield tag="999" ind1=" " ind2=" ">
    <subfield code="c">159202</subfield>
    <subfield code="d">159202</subfield>
  </datafield>
  <datafield tag="952" ind1=" " ind2=" ">
    <subfield code="0">0</subfield>
    <subfield code="1">0</subfield>
    <subfield code="4">0</subfield>
    <subfield code="7">0</subfield>
    <subfield code="8">R</subfield>
    <subfield code="a">BTIN</subfield>
    <subfield code="b">BTIN</subfield>
    <subfield code="d">2015-07-03</subfield>
    <subfield code="g">445.00</subfield>
    <subfield code="i">79</subfield>
    <subfield code="l">2</subfield>
    <subfield code="o">R 610.724 PAR DB0400</subfield>
    <subfield code="p">BTIN-DB-400</subfield>
    <subfield code="r">2025-09-04 00:00:00</subfield>
    <subfield code="s">2025-08-29</subfield>
    <subfield code="w">2015-05-20</subfield>
    <subfield code="y">DB</subfield>
    <subfield code="z">DB0400</subfield>
  </datafield>
  <datafield tag="952" ind1=" " ind2=" ">
    <subfield code="0">0</subfield>
    <subfield code="1">0</subfield>
    <subfield code="4">0</subfield>
    <subfield code="7">0</subfield>
    <subfield code="8">R</subfield>
    <subfield code="a">BTIN</subfield>
    <subfield code="b">BTIN</subfield>
    <subfield code="d">2018-04-20</subfield>
    <subfield code="g">445.00</subfield>
    <subfield code="i">79</subfield>
    <subfield code="l">4</subfield>
    <subfield code="o">R 610.724 PAR DB0689</subfield>
    <subfield code="p">BTIN-DB-689</subfield>
    <subfield code="r">2025-09-26 16:23:18</subfield>
    <subfield code="s">2025-09-12</subfield>
    <subfield code="w">2015-05-20</subfield>
    <subfield code="y">DB</subfield>
    <subfield code="z">DB0689</subfield>
  </datafield>
</record>
